1154 1478 1921 1572 1849 1100 1054 1882 1564 1916 1696 1507 1339 1249 1203 1047 1499 1339 1191 1445 1485 1104 1073 1177 1664 1694 1825 1049 1587 1900 1532 1149 1474 1451 1399 1705 1442 1423 1796 1152 1694 1820 1048 1684 1168 1427 1531 1732 1064 1670 1078 1347 1184 1036 1370 1439 1035 1583 1127 1721 1850 1997 1724 1385 1911 1250 1430 1509 1367 1593 1734 1802 1290 1855 1652 1713 1722 1882 1437 1233 1322 1336 1081 1365 1390 1186 1991 1894 1374 1698 1322 1527 1119 1490 1676 1904 1206 1749 1084 BCNSPRNW ULIB Ver.6.0+V

เปลี่ยนเป็นภาษาไทย

Change to English
 แสดงรายละเอียดบรรณานุกรม
  กลับหน้าหลัก

Brief Record : Get Marc (ISO 2709) : E-mail record : QR code < ปิดหน้าต่าง
LEADER : 00000nas 2200000uu 4500
001    13399114165
003     ULIB
008    020711s|||| th a 000 0 tha d
022    ^a19065681
110    ^aมหาวิทยาลัยนราธิวาสราชนครินทร์
245    ^aวารสารมหาวิทยาลัยนราธิวาสราชนครินทร์
260    ^aนราธิวาส :^bมหาวิทยาลัยนราธิวาสราชนครินทร์,^cม.ป.ป.
310    ^aรายสี่เดือน
850    ^aฉบับที่ 1 ปีที่ 4;ฉบับที่ 2 ปีที่ 4;ฉบับที่ 3 ปีที่ 4;ฉบับที่ 1 ปีที่ 5;ฉบับที่ 2 ปีที่ 5
945    ^p0^l0^i900189
945    ^p0^l0^i900490
945    ^p0^l0^i900953
945    ^p0^l0^i901157
945    ^p0^l0^i901456
999 ^a ทศพร
รายการนี้ยังไม่มีแท็ก
คุณยังไม่ได้ล็อกอิน คุณสามารถมีกิจกรรมร่วมกับเว็บไซต์ได้ แต่ต้องล็อกอินก่อน ::
  ล็อกอิน

รายการสื่อสารสนเทศ (วารสาร)

ดูแบบ: กล่อง รายการ
ARRIVED
ฉบับที่ 1 ปีที่ 4
สถานที่: ห้องสมุดวิทยาเขตสวรรค์ประชารักษ์ >วารสาร
ARRIVED
ฉบับที่ 2 ปีที่ 4
สถานที่: ห้องสมุดวิทยาเขตสวรรค์ประชารักษ์ >วารสาร
ARRIVED
ฉบับที่ 3 ปีที่ 4
สถานที่: ห้องสมุดวิทยาเขตสวรรค์ประชารักษ์ >หนังสือทั่วไป
ARRIVED
ฉบับที่ 1 ปีที่ 5
สถานที่: ห้องสมุดวิทยาเขตสวรรค์ประชารักษ์ >วารสาร
ARRIVED
ฉบับที่ 2 ปีที่ 5
สถานที่: ห้องสมุดวิทยาเขตสวรรค์ประชารักษ์ >วารสาร
รายการใกล้เคียง
    ผู้แต่ง []

BibComment


ยังไม่เคยถูกคอมเมนท์

คอมเมนท์ทรัพยากรรายการนี้
  คอมเมนท์: วารสารมหาวิทยาลั..


 Copyright 2026. Bcnsprnw @Library